[Event "FRA-chT2 Top 12 (Women)"]
[Site "France"]
[Date "2009.05.24"]
[Round "3.4"]
[White "Sabo Benke, Agnes"]
[Black "Dalicieux, Amandine"]
[Result "1-0"]
[WhiteElo "1590"]
[BlackElo "1390"]
[PlyCount "53"]
[EventDate "2009.05.23"]
[EventType "team-swiss"]
[EventRounds "3"]
[EventCountry "FRA"]
[SourceTitle "EXT 2010"]
[Source "ChessBase"]
[SourceDate "2010.11.25"]
[SourceVersion "1"]
[SourceVersionDate "2010.11.25"]
[SourceQuality "1"]

1. e4 c5 2. Nf3 Nc6 3. d4 cxd4 4. Nxd4 e5 5. Nf3 Nf6 6. Bd3 d5 7. exd5 Nxd5 8. 0-0 Bd6 9. h3 0-0 10. Bxh7+ Kh8 11. Qxd5 g6 12. Bxg6 fxg6 13. Bh6 Nb4 14. Qb3 Rxf3 15. Qxf3 Nxc2 16. Nc3 Nxa1 17. Rxa1 Qh4 18. Be3 Bxh3 19. Qxh3 Qxh3 20. gxh3 Kg7 21. Ne4 Be7 22. Rc1 Bd8 23. Rd1 b6 24. Rd5 Bf6 25. Rd7+ Kg8 26. Nxf6+ Kf8 27. Bh6# 1-0